| 000 | 00000nam 2200000za 4500 |
| 001 | 9.804919 |
| 003 | CaOODSP |
| 005 | 20221107135526 |
| 007 | cr ||||||||||| |
| 008 | 151026q2011 onc #o f000 0 fre d |
| 040 | |aCaOODSP|bfre |
| 043 | |an-cn--- |
| 086 | 1 |aR5-83/2011F-PDF |
| 245 | 00|aProgramme écoÉNERGIE pour les collectivités autochtones et nordiques 2011-2016 |h[ressource électronique] : |bpoints à examiner pour la réalisation des projets. |
| 260 | |a[Ottawa : |bAffaires autochtones et Développement du Nord Canada, |c2011?]. |
| 300 | |a2 p. |
| 500 | |aPubli. aussi en anglais sous le titre : ecoENERGY for Aboriginal and Northern Communities Program 2011-2016 : project development considerations. |
| 692 | 07|2gccst|aProgramme pour autochtones |
| 692 | 07|2gccst|aÉnergie renouvelable |
| 710 | 1 |aCanada. |bAffaires autochtones et développement du Nord Canada. |
| 775 | 08|tecoENERGY for Aboriginal and Northern Communities Program 2011-2016 |w(CaOODSP)9.804917 |
| 856 | 40|qPDF|s67 Ko|uhttps://publications.gc.ca/collections/collection_2015/aadnc-aandc/R5-83-2011-fra.pdf |